Supply chain logistics management (Record no. 3101)
[ view plain ]
| 000 -LEADER | |
|---|---|
| fixed length control field | 01302nam a2200193Ia 4500 |
| 020 ## - INTERNATIONAL STANDARD BOOK NUMBER | |
| ISBN | 0071254145 |
| 020 ## - INTERNATIONAL STANDARD BOOK NUMBER | |
| ISBN | 9780071254144 |
| 050 ## - CALL NUMBER | |
| Classification number | HD38.5.B687 |
| 100 1# - AUTHOR | |
| Personal name | Bowersox, Donald J. |
| 245 10 - TITLE | |
| Title | Supply chain logistics management |
| Statement of responsibility, etc | Donald J. Bowersox, David J. Closs, M. Bixby Cooper. |
| 250 ## - EDITION | |
| Edition statement | Second edition. |
| 260 ## - PUBLICATION INFORMATION | |
| Place of publication | Boston, Mass |
| Name of publisher | McGraw-Hill/Irwin |
| Year of publication | 2007 |
| 300 ## - DESCRIPTION | |
| Number of Pages | xiv, 410 pages. |
| 505 ## - FORMATTED CONTENTS NOTE | |
| Table of Content | pt. 1. SUPPLY CHAIN LOGISTICS MANAGEMENT <br/>ch. 1. 21st Century Supply Chains <br/>ch. 2. Logistics <br/>ch. 3. Customer Accommodation <br/>ch. 4. Procurement and Manufacturing <br/>ch. 5. Information Technology Framework <br/>pt. 2. SUPPLY CHAIN LOGISTICS OPERATIONS <br/>ch. 6. Inventory <br/>ch. 7. Transportation Infrastructure <br/>ch. 8. Transportation Operations <br/>ch. 9. Warehousing <br/>ch. 1.0 Packaging and Materials Handling <br/>ch. 11. Operational Integration <br/>pt. 3. SUPPLY CHAIN LOGISTICS DESIGN <br/>ch. 12. Global Strategic Positioning <br/>ch. 13. Network Integration <br/>ch. 14. Logistics Design and Operational Planning <br/>pt. 4. SUPPLY CHAIN LOGISTICS ADMINSTRATION <br/>ch. 15. Relationship Development and Management <br/>ch. 16. Operational, Financial and Social Performance <br/>EPILOGUE. |
| 650 #0 - SUBJECTS | |
| Topical Term | Business logistics. |
| 700 1# - OTHER AUTHORS | |
| Personal name | Closs, David J. |
| 700 1# - OTHER AUTHORS | |
| Personal name | Cooper, M. Bixby. |
| 942 ## - ADDED ENTRY ELEMENTS (KOHA) | |
| Koha item type | Books |
| Withdrawn status | Lost status | Collection code | Home library | Current library | Shelving location | Date acquired | Full call number | Accession Number | Koha item type |
|---|---|---|---|---|---|---|---|---|---|
| Reference | Methodist University Library Tema | Methodist University Library Tema | Reference | 27/03/2010 | HD38.5.B687 | 30742 | Books |